L'Indre en images - Statistiques

Statistiques générales
  • Ce quiz a été pris 19 fois
  • Le résultat moyen est 9 sur 18
Statistiques - réponses
Par images Hint Réponse % Correct
Ville la plus peuplée Châteauroux
100%
Sous-préfecture Issoudun
94%
Romancière / Dramaturge George Sand
83%
Rivière La Creuse
83%
"La petite Venise du Berry" Argenton-sur-Creuse
78%
Parc naturel régional / Le pays des mille étangs Parc naturel régional de la Brenne
72%
Marque alimentaire Harrys
67%
Sous-préfecture La Châtre
56%
Fromage pyramidal AOP Le Valençay AOP
56%
Site touristique le plus visité du département Château de Valençay
50%
Production IGP La lentille verte du Berry IGP
33%
Plus grand barrage de la région Barrage d'Eguzon
28%
Parc Animalier Réserve Zoologique de la Haute-Touche
28%
Un des "Plus Beaux Villages de France", où cette dernière y résida Gargilesse-Dampierre
22%
Autre fromage de chèvre pyramidal AOP Le Pouligny-St-Pierre AOP
17%
Château dominant cette région naturelle Château du Bouchet
6%
Activité touristique Le Train du Bas-Berry
6%
Coureur cycliste Morgan Lamoisson
6%
Aucun quiz correspondant
Distribution des résultats
% des personnes avec chaque résultat
Percentile par nombre de réponses
Votre historique - résultats
Vous n’avez pas pris ce quiz